Čelákovice : procházky městem = city walks /

Hlavní autor: Eisner, David, 1978-
Další autoři: Vaňousek, Ivan, 1943-, Renka, Luboš
Jazyk: Čeština
Angličtina
Vydáno: [Čelákovice] : město Čelákovice :Městské muzeum v Čelákovicích, p.o., 2023
Vydání: Vydání první
Témata:
Fyzický popis: 32 stran : barevné ilustrace ; 21 cm + 1 příloha (4 nečíslované strany)
Language note: Souběžný anglický text
Knihy
Uloženo v:
LEADER 02325nam a2200601 i 4500
001 nkc20243588515
003 CZ PrNK
005 20240403130926.0
007 ta
008 240212s2023 xr a e f 000 0 cze
015 |a cnb003588515 
020 |a 978-80-87187-18-0  |q (brožováno) :  |c neprodejné 
035 |a (OCoLC)1429251374 
040 |a OLA001  |b cze  |e rda 
041 1 |a cze  |a eng  |h cze 
043 |a e-xr---  |b e-xr-st  |2 czenas 
072 7 |a 913(437)  |x Geografie Česka a Slovenska, reálie, cestování  |2 Konspekt  |9 7 
080 |a 72:904  |2 MRF 
080 |a 913:338.483.1  |2 MRF 
080 |a 796.5:625.711.8  |2 MRF 
080 |a 913(437.312)  |2 MRF 
080 |a (437.312)  |2 MRF 
080 |a (036)913  |2 MRF 
100 1 |a Eisner, David,  |d 1978-  |7 ola2017958348  |4 aut 
245 1 0 |a Čelákovice :  |b procházky městem = city walks /  |c texty: David Eisner, Ivan Vaňousek ; anglický překlad: Luboš Renka 
250 |a Vydání první 
264 1 |a [Čelákovice] :  |b město Čelákovice :  |b Městské muzeum v Čelákovicích, p.o.,  |c 2023 
300 |a 32 stran :  |b barevné ilustrace ;  |c 21 cm +  |e 1 příloha (4 nečíslované strany) 
336 |a text  |b txt  |2 rdacontent 
336 |a statický obraz  |b sti  |2 rdacontent 
337 |a bez média  |b n  |2 rdamedia 
338 |a svazek  |b nc  |2 rdacarrier 
338 |a list  |b nb  |2 rdacarrier 
500 |a Název z obálky 
500 |a 1000 výtisků 
546 |a Souběžný anglický text 
650 0 7 |a architektonické památky  |7 ph118585  |z Česko  |2 czenas 
650 0 7 |a turistické zajímavosti  |7 ph126800  |z Česko  |2 czenas 
650 0 7 |a turistické trasy  |7 ph606745  |z Česko  |2 czenas 
650 0 9 |a architectural monuments  |z Czechia  |2 eczenas 
650 0 9 |a tourist sights  |z Czechia  |2 eczenas 
650 0 9 |a tourist trails  |z Czechia  |2 eczenas 
651 7 |a Čelákovice (Česko)  |7 ge131659  |x reálie  |2 czenas 
651 9 |a Čelákovice (Czechia)  |x description and travel  |2 eczenas 
655 7 |a turistické průvodce  |7 fd133738  |2 czenas 
655 9 |a tourist guidebooks  |2 eczenas 
700 1 |a Vaňousek, Ivan,  |d 1943-  |7 hka20201077403  |4 aut 
700 1 |a Renka, Luboš  |4 trl 
910 2 |a BOA001  |b 2-1521.569 
990 |a BK 
995 |a 01 
991 |b 202402  |c NOV 
996 6 |b 2610961781  |c 2-1521.569  |l MZK  |r Sklad / do 1 hodiny  |n 0  |p p.v.  |w 001954686  |u 000010  |a 1  |e BOA001  |j MZK50  |s P